| 000 | 01074nam a2200217Ia 4500 | ||
|---|---|---|---|
| 999 |
_c39208 _d39208 |
||
| 001 | 5794 | ||
| 003 | GE_BSU | ||
| 005 | 20190624143740.0 | ||
| 008 | 181216s1981|||| |||||||||||||| ||geo|| | ||
| 041 | _ageo | ||
| 080 | _a621.3.016.35(075.8) რ-97 | ||
| 100 |
_aრუხვაძე, მ. _92808 |
||
| 245 |
_aელექტრომექანიკური გარდამავალი პროცესები ელექტრულ სისტემებში. ნაწ : 1. _bდამხმ.სახელმძღვ. / _cმ.რუხვაძე ; რედ : მ. ძიძიგური. |
||
| 264 |
_aთბილისი : _bსპი, _c1981. |
||
| 300 |
_a83 გვ .: _bნახაზ; _c20 სმ. |
||
| 504 | _aბიბლიოგრ.:გვ.82 | ||
| 653 | _aელექტრომექანიკური პროცესები ელექტრულ სისტემებში | ||
| 653 | _aტექნიკა | ||
| 700 |
_aძიძიგური,მ _eრედაქტორი _91477 |
||
| 942 |
_cBK _2udc |
||